书目信息 |
| 题名: |
20世纪最伟大的心理学实验
|
|
| 作者: | 斯莱特 著 ;郑雅芳 译 | |
| 分册: | ||
| 出版信息: | 北京 中国人民大学出版社 2010 |
|
| 页数: | 223页 | |
| 开本: | 23cm | |
| 丛书名: | ||
| 单 册: | ||
| 中图分类: | B841.4 | |
| 科图分类: | ||
| 主题词: | 实验法(心理学)--通俗读物 , 实验法(心理学) | |
| 电子资源: | ||
| ISBN: | 978-7-300-12073-7 | |
| 000 | 01364nam0 2200289 45 | |
| 001 | 1133485500 | |
| 005 | 20110411170301.35 | |
| 010 | @a978-7-300-12073-7@dCNY39.80 | |
| 100 | @a20110406d2010 em y0chiy0110 ea | |
| 101 | 1 | @achi@ceng |
| 102 | @aCN@b110000 | |
| 105 | @ay z 000yy | |
| 106 | @ar | |
| 200 | 1 | @a20世纪最伟大的心理学实验@A20 Shi Ji Zui Wei Da De Xin Li Xue Shi Yan@dOpening skinner's box:Great psychological experiments of the twentieth century@e经典版@EJing Dian Ban@f(美) 劳伦·斯莱特(Lauren Slater)著@F( Mei ) Lao Lun· Si Lai Te (Lauren Slater) Zhu@g郑雅芳译@zeng |
| 210 | @a北京@c中国人民大学出版社@d2010 | |
| 215 | @a223页@d23cm | |
| 300 | @a湛庐文化 心视界38 | |
| 305 | @a由Witherspoon Associate, Inc. 通过安德鲁·纳伯格联合国际有限公司授权出版 | |
| 330 | @a本书作者诠释了20世纪心理学探索人类心灵的非凡成就,以10个设计精巧的天才实验为例,结合小说、传记、采访等多种体裁,让你仿佛与作者、实验当事人共处一室,倾听他们的生命叙事,深刻体会心理实验背后的深邃涵义。 | |
| 510 | 1 | @aOpening skinner's box:great psychological experiments of the twentieth century@zeng |
| 606 | 0 | @a实验法(心理学)@j通俗读物 |
| 606 | 0 | @a实验法(心理学) |
| 690 | @aB841.4@v4 | |
| 701 | 1 | @c(美)@a斯莱特@ASi Lai Te@g(Slater,Lauren)@4著 |
| 702 | 0 | @a郑雅芳@AZheng Ya Fang@4译 |
| 801 | 0 | @aCN@bTANGWEI@c20110411 |
| 905 | @b0533628-32@dB841.4@e1031@f5 | |
| 20世纪最伟大的心理学实验=Opening skinner's box:Great psychological experiments of the twentieth century:经典版/(美) 劳伦·斯莱特(Lauren Slater)著/郑雅芳译.-北京:中国人民大学出版社,2010 |
| 223页;23cm |
| 湛庐文化 心视界38 |
| ISBN 978-7-300-12073-7:CNY39.80 |
| 本书作者诠释了20世纪心理学探索人类心灵的非凡成就,以10个设计精巧的天才实验为例,结合小说、传记、采访等多种体裁,让你仿佛与作者、实验当事人共处一室,倾听他们的生命叙事,深刻体会心理实验背后的深邃涵义。 |
| ● |
| 相关链接 |
|
|
|
|
正题名:20世纪最伟大的心理学实验
索取号:B841.4/1031
 
预约/预借
| 序号 | 登录号 | 条形码 | 馆藏地/架位号 | 状态 | 备注 |
| 1 | 0533628 | 205336288 | 第一样本阅览室/ [索取号:B841.4/1031] | 在馆 | |
| 2 | 0533629 | 205336297 | 第一借阅区/ [索取号:B841.4/1031] | 在馆 | |
| 3 | 0533630 | 205336304 | 第一借阅区/ [索取号:B841.4/1031] | 在馆 | |
| 4 | 0533631 | 205336313 | 第一借阅区/ [索取号:B841.4/1031] | 在馆 | |
| 5 | 0533632 | 205336322 | 第一借阅区/ [索取号:B841.4/1031] | 在馆 |